History of Greece / (Record no. 154808)

MARC details
000 -LEADER
campo de control de longitud fija 00856nam a22002295i 4500
001 - NÚMERO DE CONTROL
campo de control 154808
003 - IDENTIFICADOR DE NÚMERO DE CONTROL
campo de control ES-MaACL
005 - FECHA Y HORA DE LA ÚLTIMA TRANSACCIÓN
campo de control 20230906205847.0
008 - DATOS DE LONGITUD FIJA--INFORMACIÓN GENERAL
campo de control de longitud fija 040715m18491857xxka |||| | eng d
040 ## - FUENTE DE CATALOGACIÓN
Centro catalogador/agencia de origen CAM
Lengua de catalogación spa
Centro/agencia transcriptor CAM
100 1# - ENTRADA PRINCIPAL--NOMBRE DE PERSONA
Nombre de persona Grote, George.
9 (RLIN) 127573
245 10 - MENCIÓN DEL TÍTULO
Título History of Greece /
Mención de responsabilidad, etc. by George Grote.
250 ## - MENCION DE EDICION
Mención de edición 2nd ed.
260 ## - PUBLICACIÓN, DISTRIBUCIÓN, ETC.
Lugar de publicación, distribución, etc. London :
Nombre del editor, distribuidor, etc. John Murray,
Fecha de publicación, distribución, etc. 1849-1857 (
Fabricante printed by Richard and John E. Taylor)
300 ## - DESCRIPCIÓN FÍSICA
Extensión 12 v. ;
Dimensiones 22 cm.
596 ## - NOTA AL PIE DE IMPRENTA
NOTA AL PIE DE IMPRENTA El imp. en t.XII es "printed by Taylor and Francis"
599 ## - NOTA A LAS ILUSTRACIONES
NOTA A LAS ILUSTRACIONES En t.XII grab. que representa un busto escultórico del autor: "W. Behnes del, W. Holl eng"
651 #4 - PUNTO DE ACCESO ADICIONAL DE MATERIA--NOMBRE GEOGRÁFICO
Nombre geográfico Greecia-
Subdivisión general Historia.
9 (RLIN) 8777
752 ## - ENTRADA AGREGADA--NOMBRE JERÁRQUICO DEL LUGAR
País o entidad superior Gran Bretaña -
Ciudad Londres
852 ## - LOCALIZACIÓN
Ubicación ES-MaACL
Número de control de estantería G-11333-11334, G-11344
Nota libre -- Enc. tela y enc. hol.
condición física -- Contiene unicamente t.I-II y XII
Holdings
Estatus retirado Estado de pérdida Estado de daño No para préstamo Colección Biblioteca de origen Biblioteca actual Ubicación en estantería Fecha de adquisición Fuente de adquisición Total de préstamos Signatura topográfica completa Código de barras Visto por última vez Precio de reemplazo Tipo de ítem Koha
        Libros del s. XIX Biblioteca del Ateneo de Madrid Biblioteca del Ateneo de Madrid Sala Pecera Planta 3 17/01/2008     G-11333-11334, G-11344 1161920 23/02/2023 23/02/2023 Libro impreso antiguo